000 00284nam a22001337a 4500
008 171201b xxu||||| |||| 00| 0 eng d
020 _a540921001
041 _aeng
080 _a32
100 _a18
101 _aSHP
245 _aTHE GENERAL THEORY
_cPATINKIN, D
942 _2udc
_cBK
999 _c38714
_d38714